<?xml version="1.0" encoding="UTF-8"?>
<record
    xmlns:xsi="http://www.w3.org/2001/XMLSchema-instance"
    xsi:schemaLocation="http://www.loc.gov/MARC21/slim http://www.loc.gov/standards/marcxml/schema/MARC21slim.xsd"
    xmlns="http://www.loc.gov/MARC21/slim">

  <leader>01427nam0a2200325   4500</leader>
  <controlfield tag="001">RU\NLR\BIBL_A\011793177</controlfield>
  <controlfield tag="005">20180924112238.0</controlfield>
  <datafield tag="010" ind1=" " ind2=" ">
    <subfield code="a">978-5-91918-990-9</subfield>
    <subfield code="9">1000</subfield>
  </datafield>
  <datafield tag="021" ind1=" " ind2=" ">
    <subfield code="a">RU</subfield>
    <subfield code="b">&#x41A;&#x41D;-&#x41F;-18-059435</subfield>
    <subfield code="9">&#x41A;&#x41D;-&#x41F;-18-4278</subfield>
  </datafield>
  <datafield tag="035" ind1=" " ind2=" ">
    <subfield code="a">(NLR Aleph) 011793177</subfield>
  </datafield>
  <datafield tag="035" ind1=" " ind2=" ">
    <subfield code="a">(RuMoRGB)009713693</subfield>
  </datafield>
  <datafield tag="090" ind1=" " ind2=" ">
    <subfield code="a">11832995</subfield>
    <subfield code="c">11832995</subfield>
  </datafield>
  <datafield tag="100" ind1=" " ind2=" ">
    <subfield code="a">20180917d2018    d  y0rusy50      ca</subfield>
  </datafield>
  <datafield tag="101" ind1="0" ind2=" ">
    <subfield code="a">rus</subfield>
  </datafield>
  <datafield tag="102" ind1=" " ind2=" ">
    <subfield code="a">RU</subfield>
  </datafield>
  <datafield tag="105" ind1=" " ind2=" ">
    <subfield code="a">y|||z|||000ay</subfield>
  </datafield>
  <datafield tag="200" ind1="1" ind2=" ">
    <subfield code="a">&#x416;&#x435;&#x43D;&#x449;&#x438;&#x43D;&#x430;, &#x447;&#x442;&#x43E; &#x442;&#x44B; &#x43F;&#x43B;&#x430;&#x447;&#x435;&#x448;&#x44C;...</subfield>
    <subfield code="e">[&#x441;&#x431;&#x43E;&#x440;&#x43D;&#x438;&#x43A;]</subfield>
    <subfield code="f">&#x412;&#x430;&#x43B;&#x435;&#x440;&#x438;&#x439; &#x413;&#x435;&#x432;&#x43E;&#x440;&#x43A;&#x43E;&#x432;</subfield>
  </datafield>
  <datafield tag="205" ind1=" " ind2=" ">
    <subfield code="a">&#x418;&#x437;&#x434;. 2-&#x435;, &#x434;&#x43E;&#x43F;.</subfield>
  </datafield>
  <datafield tag="210" ind1=" " ind2=" ">
    <subfield code="a">&#x421;&#x430;&#x43D;&#x43A;&#x442;-&#x41F;&#x435;&#x442;&#x435;&#x440;&#x431;&#x443;&#x440;&#x433;</subfield>
    <subfield code="c">&#x420;&#x435;&#x43D;&#x43E;&#x43C;&#x435;</subfield>
    <subfield code="d">2018</subfield>
  </datafield>
  <datafield tag="215" ind1=" " ind2=" ">
    <subfield code="a">287 &#x441;.</subfield>
    <subfield code="d">17</subfield>
  </datafield>
  <datafield tag="327" ind1="0" ind2=" ">
    <subfield code="a">&#x421;&#x43E;&#x434;&#x435;&#x440;&#x436;.: "&#x41F;&#x440;&#x43E;&#x441;&#x442;&#x438;&#x442;&#x435;, &#x447;&#x442;&#x43E; &#x441;&#x43B;&#x443;&#x447;&#x438;&#x43B;&#x43E;&#x441;&#x44C;?"; "&#x41C;&#x43D;&#x435; &#x44D;&#x442;&#x43E; &#x43D;&#x435; &#x430;&#x434;&#x43E;!"; &#x41F;&#x43B;&#x430;&#x447;&#x443;&#x449;&#x438;&#x439; &#x441;&#x43C;&#x435;&#x445;; &#x412;&#x430;&#x43D;&#x435;&#x447;&#x43A;&#x430; - &#x43B;&#x443;&#x447;&#x438;&#x43A; &#x432; &#x43F;&#x430;&#x43B;&#x430;&#x442;&#x435;; "&#x41D;&#x435;&#x43A;&#x43E;&#x43C;&#x443; &#x431;&#x44B;&#x43B;&#x43E; &#x43F;&#x43E;&#x434;&#x43D;&#x44F;&#x442;&#x44C;... &#x43F;&#x43E;&#x434;&#x441;&#x43A;&#x430;&#x437;&#x430;&#x442;&#x44C;..."; "&#x423;&#x439;&#x43C;&#x438;&#x442;&#x435;&#x441;&#x44C;! &#x412;&#x44B; &#x436;&#x435; &#x43B;&#x44E;&#x434;&#x438;!"; "&#x417;&#x430; &#x447;&#x442;&#x43E;, &#x413;&#x43E;&#x441;&#x43F;&#x43E;&#x434;&#x438;?"; &#x427;&#x438;&#x441;&#x442;&#x430;&#x44F; &#x434;&#x443;&#x448;&#x430; &#x434;&#x435;&#x432;&#x43E;&#x447;&#x43A;&#x438;; &#x421;&#x447;&#x430;&#x441;&#x442;&#x44C;&#x435;?; &#x421;&#x438;&#x440;&#x43E;&#x442;&#x441;&#x442;&#x432;&#x43E; &#x431;&#x435;&#x437; &#x441;&#x438;&#x440;&#x43E;&#x442;&#x441;&#x442;&#x432;&#x430; [&#x438; &#x434;&#x440;.]</subfield>
  </datafield>
  <datafield tag="333" ind1=" " ind2=" ">
    <subfield code="a">12+</subfield>
  </datafield>
  <datafield tag="686" ind1="2" ind2=" ">
    <subfield code="a">&#x428;6(2=&#x420;)75-440.5</subfield>
  </datafield>
  <datafield tag="700" ind1=" " ind2="1">
    <subfield code="a">&#x413;&#x435;&#x432;&#x43E;&#x440;&#x43A;&#x43E;&#x432;</subfield>
    <subfield code="b">&#x412;. &#x410;.</subfield>
    <subfield code="g">&#x412;&#x430;&#x43B;&#x435;&#x440;&#x438;&#x439; &#x410;&#x43C;&#x430;&#x44F;&#x43A;&#x43E;&#x432;&#x438;&#x447;</subfield>
  </datafield>
  <datafield tag="942" ind1=" " ind2=" ">
    <subfield code="c">BOOK</subfield>
  </datafield>
  <datafield tag="980" ind1=" " ind2=" ">
    <subfield code="a">NBR</subfield>
  </datafield>
  <datafield tag="980" ind1=" " ind2=" ">
    <subfield code="a">NB</subfield>
  </datafield>
</record>
